Pays les plus pauvres en 2025 - Statistiques

Statistiques générales
  • Ce quiz a été pris 227 fois
  • Le résultat moyen est 9 sur 20
Statistiques - réponses
Réponse % Correct
République démocratique du Congo
67%
Somalie
67%
Soudan
67%
Niger
65%
Mali
57%
Soudan du Sud
52%
Tchad
50%
Éthiopie
49%
Nigeria
47%
Burundi
44%
Rwanda
42%
Togo
38%
République centrafricaine
35%
Madagascar
34%
Malawi
34%
Mozambique
33%
Liberia
30%
Yémen
26%
Sierra Leone
25%
Gambie
24%
Aucun quiz correspondant
Distribution des résultats
% des personnes avec chaque résultat
Percentile par nombre de réponses
Votre historique - résultats
Vous n’avez pas pris ce quiz